[Event "VII Famalicao Open 2019"]
[Site "Famalicao"]
[Date "2019.08.03"]
[Round "9.4"]
[White "Petkov, Vladimir"]
[Black "Campora, Daniel H."]
[Result "1/2-1/2"]
[WhiteElo "2497"]
[BlackElo "2420"]
[Annotator "ChessBase"]
[PlyCount "24"]
[EventDate "2019.07.28"]
[EventType "swiss"]
[EventCountry "POR"]
[SourceTitle "playchess.com"]
[Source "ChessBase"]
[SourceQuality "1"]
[TimeControl "5400+30"]

1. d4 {[%emt 0:00:30]} d5 {[%emt 0:00:00]} 2. c4 {[%emt 0:01:05]} dxc4 {[%emt 0:01:36]} 3. e4 {[%emt 0:00:13]} Nf6 {[%emt 0:00:18]} 4. e5 {[%emt 0:00:15]} Nd5 {[%emt 0:00:20]} 5. Bxc4 {[%emt 0:00:16]} Nb6 {[%emt 0:00:30]} 6. Bb3 {[%emt 0:00:22]} Nc6 {[%emt 0:00:12]} 7. Nf3 {[%emt 0:00:19]} Bg4 {[%emt 0:00:21]} 8. Ng5 {[%emt 0:00:28]} Bxd1 {[%emt 0:00:40]} 9. Bxf7+ {[%emt 0:00:13]} Kd7 {[%emt 0:00:08]} 10. Be6+ {[%emt 0:00:07]} Ke8 {[%emt 0:00:10]} 11. Bf7+ {[%emt 0:00:07]} Kd7 {[%emt 0:00:06]} 12. Be6+ {[%emt 0:00:04]} Ke8 1/2-1/2

[Event "VII Famalicao Open 2019"]
[Site "Famalicao"]
[Date "2019.08.03"]
[Round "9.5"]
[White "Cori T., Deysi"]
[Black "Fernandes, Miguel"]
[Result "1-0"]
[WhiteElo "2405"]
[BlackElo "2118"]
[Annotator "NA"]
[PlyCount "69"]
[EventDate "2019.07.28"]
[EventType "swiss"]
[EventCountry "POR"]
[SourceTitle "playchess.com"]
[Source "ChessBase"]
[SourceQuality "1"]
[TimeControl "5400+30"]

1. d4 {[%emt 0:04:11]} d5 {[%emt 0:00:00]} 2. c4 {[%emt 0:00:03]} c6 {[%emt 0:00:00]} 3. Nc3 {[%emt 0:00:36]} Nf6 {[%emt 0:00:00]} 4. Nf3 {[%emt 0:00:51]} e6 {[%emt 0:00:06]} 5. e3 {[%emt 0:01:33]} Nbd7 {[%emt 0:00:14]} 6. Qc2 {[%emt 0:02:35]} Bd6 {[%emt 0:00:15]} 7. Be2 {[%emt 0:03:53]} O-O {[%emt 0:00:21]} 8. b3 {[%emt 0:01:35]} e5 {[%emt 0:01:07]} 9. Bb2 {[%emt 0:02:48]} e4 {[%emt 0:02:23]} 10. Nd2 {[%emt 0:00:01]} a6 {[%emt 0:00:33]} 11. g4 {[%emt 0:01:37]} b5 {[%emt 0:08:16]} 12. cxd5 {[%emt 0:04:16]} cxd5 {[%emt 0:00:47]} 13. g5 {[%emt 0:00:17]} b4 {[%emt 0:01:56]} 14. Na4 {[%emt 0:00:11]} Ne8 {[%emt 0:00:10]} 15. Qc6 {[%emt 0:00:33]} Ra7 {[%emt 0:07:27]} 16. Qxd5 {[%emt 0:00:42]} Rc7 {[%emt 0:01:04]} 17. Bc4 {[%emt 0:18:51]} Bb7 {[%emt 0:03:42]} 18. Qf5 {[%emt 0:00:18]} Be7 {[%emt 0:01:41]} 19. h4 {[%emt 0:05:26]} Nd6 {[%emt 0:01:17]} 20. Qa5 {[%emt 0:02:30]} Nb8 {[%emt 0:03:08]} 21. Nc5 {[%emt 0:05:27]} Nxc4 {[%emt 0:11:14]} 22. Nxc4 {[%emt 0:03:12]} Bxc5 {[%emt 0:05:00]} 23. dxc5 {[%emt 0:00:05]} Nc6 {[%emt 0:01:55]} 24. Qb6 {[%emt 0:07:09]} Qe7 {[%emt 0:00:18]} 25. Rd1 {[%emt 0:00:24]} Ba8 {[%emt 0:05:46]} 26. Bf6 {[%emt 0:02:09]} gxf6 {[%emt 0:02:37]} 27. gxf6 {[%emt 0:00:22]} Qd7 {[%emt 0:03:21]} 28. Rxd7 {[%emt 0:00:43]} Rxd7 {[%emt 0:00:07]} 29. Nd6 {[%emt 0:03:57]} Ne5 {[%emt 0:00:32]} 30. Ke2 {[%emt 0:01:51]} Rfd8 {[%emt 0:05:12]} 31. Rg1+ {[%emt 0:00:14]} Kh8 {[%emt 0:01:09]} 32. Rg5 {[%emt 0:00:16]} Nc6 {[%emt 0:01:07]} 33. Rg7 {[%emt 0:03:42]} Ne5 {[%emt 0:00:18]} 34. Nxf7+ {[%emt 0:03:18]} Nxf7 {[%emt 0:00:18]} 35. Rxf7 {[%emt 0:00:04]} 1-0

[Event "VII Famalicao Open 2019"]
[Site "Famalicao"]
[Date "2019.08.03"]
[Round "9.6"]
[White "Pintor, Simao"]
[Black "Forgas Moreno, Yaniela"]
[Result "1-0"]
[WhiteElo "2082"]
[BlackElo "2272"]
[Annotator "NA"]
[PlyCount "125"]
[EventDate "2019.07.28"]
[EventType "swiss"]
[EventCountry "POR"]
[SourceTitle "playchess.com"]
[Source "ChessBase"]
[SourceQuality "1"]
[TimeControl "5400+30"]

1. e4 {[%emt 0:17:54]} c5 {[%emt 0:00:00]} 2. Nf3 {[%emt 0:00:12]} d6 {[%emt 0:00:11]} 3. d4 {[%emt 0:00:07]} cxd4 {[%emt 0:00:04]} 4. Nxd4 {[%emt 0:00:04]} Nf6 {[%emt 0:00:05]} 5. Nc3 {[%emt 0:00:04]} a6 {[%emt 0:00:03]} 6. Be3 {[%emt 0:00:05]} e5 {[%emt 0:00:09]} 7. Nf3 {[%emt 0:00:06]} Be7 {[%emt 0:01:30]} 8. Bc4 {[%emt 0:01:48]} Be6 {[%emt 0:00:04]} 9. Bxe6 {[%emt 0:00:34]} fxe6 {[%emt 0:00:07]} 10. Ng5 {[%emt 0:00:04]} Qd7 {[%emt 0:00:20]} 11. Qf3 {[%emt 0:00:14]} Nc6 {[%emt 0:01:25]} 12. O-O-O {[%emt 0:06:04]} O-O {[%emt 0:03:03]} 13. Qh3 {[%emt 0:00:59]} Nd8 {[%emt 0:00:34]} 14. Bb6 {[%emt 0:02:06]} Re8 {[%emt 0:00:11]} 15. f4 {[%emt 0:05:31]} Qc6 {[%emt 0:05:58]} 16. Bxd8 {[%emt 0:02:24]} Bxd8 {[%emt 0:00:07]} 17. Nxe6 {[%emt 0:00:49]} Ba5 {[%emt 0:02:48]} 18. Nd5 {[%emt 0:06:28]} Nxe4 {[%emt 0:17:56]} 19. Qg4 {[%emt 0:04:40]} Qd7 {[%emt 0:00:49]} 20. f5 {[%emt 0:00:05]} Nf2 {[%emt 0:00:55]} 21. Nf6+ {[%emt 0:26:11]} Kh8 {[%emt 0:00:05]} 22. Nxd7 {[%emt 0:02:51]} Nxg4 {[%emt 0:00:05]} 23. Rxd6 {[%emt 0:00:16]} Ne3 {[%emt 0:04:05]} 24. f6 {[%emt 0:00:57]} gxf6 {[%emt 0:00:15]} 25. Nxf6 {[%emt 0:00:07]} Re7 {[%emt 0:00:14]} 26. c3 {[%emt 0:04:29]} Nc4 {[%emt 0:12:13]} 27. Rd7 {[%emt 0:00:03]} Rxd7 {[%emt 0:00:04]} 28. Nxd7 {[%emt 0:00:03]} Re8 29. Nec5 {[%emt 0:03:17]} Bd8 {[%emt 0:07:13]} 30. Ne4 {[%emt 0:02:52]} Re7 {[%emt 0:01:34]} 31. Ndf6 {[%emt 0:00:31]} Ne3 {[%emt 0:02:03]} 32. g4 {[%emt 0:01:09]} Rg7 {[%emt 0:06:45]} 33. g5 {[%emt 0:00:20]} h6 {[%emt 0:01:03]} 34. h4 {[%emt 0:02:23]} Bb6 {[%emt 0:03:38]} 35. gxh6 {[%emt 0:00:54]} Rg6 {[%emt 0:01:10]} 36. Rh3 {[%emt 0:01:52]} Nf5 {[%emt 0:09:05]} 37. h5 {[%emt 0:02:29]} Rg2 {[%emt 0:03:18]} 38. Rd3 {[%emt 0:01:06]} Nxh6 {[%emt 0:00:39]} 39. Rd7 {[%emt 0:01:04]} Rg7 {[%emt 0:00:24]} 40. Rd6 {[%emt 0:02:24]} Be3+ {[%emt 0:06:41]} 41. Kc2 {[%emt 0:00:08]} Rg2+ {[%emt 0:04:48]} 42. Kd3 {[%emt 0:01:03]} Bf4 {[%emt 0:02:46]} 43. Rd7 {[%emt 0:00:11]} Rg7 {[%emt 0:00:06]} 44. Rd8+ {[%emt 0:00:36]} Ng8 {[%emt 0:00:06]} 45. Nd6 {[%emt 0:00:45]} Rg3+ {[%emt 0:02:25]} 46. Ke4 {[%emt 0:00:07]} Kg7 {[%emt 0:00:53]} 47. Nf5+ {[%emt 0:01:10]} Kf7 {[%emt 0:00:33]} 48. Nxg3 {[%emt 0:01:09]} Nxf6+ {[%emt 0:00:05]} 49. Kf3 {[%emt 0:00:03]} Bxg3 {[%emt 0:00:21]} 50. Kxg3 {[%emt 0:00:08]} Nxh5+ {[%emt 0:00:10]} 51. Kg4 {[%emt 0:00:19]} Nf4 {[%emt 0:01:31]} 52. Kf5 {[%emt 0:00:12]} Ke7 {[%emt 0:00:19]} 53. Rb8 {[%emt 0:00:12]} Nd3 {[%emt 0:00:47]} 54. Rxb7+ {[%emt 0:00:12]} Kd6 {[%emt 0:00:04]} 55. b4 {[%emt 0:00:40]} Kd5 {[%emt 0:00:35]} 56. Rd7+ {[%emt 0:01:41]} Kc4 {[%emt 0:00:04]} 57. Ke4 {[%emt 0:00:05]} Nf2+ {[%emt 0:00:14]} 58. Ke3 {[%emt 0:01:41]} Ng4+ {[%emt 0:00:05]} 59. Kf3 {[%emt 0:00:08]} Nf6 {[%emt 0:00:08]} 60. Rd6 {[%emt 0:00:22]} e4+ {[%emt 0:00:19]} 61. Ke2 {[%emt 0:00:53]} Ng4 {[%emt 0:00:19]} 62. Rxa6 {[%emt 0:00:48]} Kxc3 {[%emt 0:00:09]} 63. b5 {[%emt 0:00:04]} 1-0

[Event "VII Famalicao Open 2019"]
[Site "Famalicao"]
[Date "2019.08.03"]
[Round "9.7"]
[White "Fidalgo, Andre Neves"]
[Black "Dias, Ivo"]
[Result "1/2-1/2"]
[WhiteElo "2262"]
[BlackElo "2121"]
[Annotator "NA"]
[PlyCount "52"]
[EventDate "2019.07.28"]
[EventType "swiss"]
[EventCountry "POR"]
[SourceTitle "playchess.com"]
[Source "ChessBase"]
[SourceQuality "1"]
[TimeControl "5400+30"]

1. d4 {[%emt 0:00:00]} Nf6 {[%emt 0:00:04]} 2. Nf3 {[%emt 0:00:00]} e6 {[%emt 0:00:28]} 3. g3 {[%emt 0:00:22]} c5 {[%emt 0:00:19]} 4. Bg2 {[%emt 0:00:48]} cxd4 {[%emt 0:00:20]} 5. Nxd4 {[%emt 0:00:20]} d5 {[%emt 0:00:18]} 6. O-O {[%emt 0:00:15]} e5 {[%emt 0:00:46]} 7. Nb3 {[%emt 0:00:20]} Be7 {[%emt 0:00:14]} 8. Bg5 {[%emt 0:02:10]} Nbd7 {[%emt 0:08:43]} 9. Nc3 {[%emt 0:08:06]} d4 {[%emt 0:00:39]} 10. Bxf6 {[%emt 0:05:40]} Nxf6 {[%emt 0:00:28]} 11. Na4 {[%emt 0:01:26]} Qc7 {[%emt 0:12:35]} 12. c3 {[%emt 0:02:35]} Bd7 {[%emt 0:00:14]} 13. Nd2 {[%emt 0:00:51]} Qa5 {[%emt 0:18:10]} 14. b3 {[%emt 0:00:11]} Bxa4 {[%emt 0:00:29]} 15. bxa4 {[%emt 0:00:06]} dxc3 {[%emt 0:00:27]} 16. Nc4 {[%emt 0:03:43]} Qc7 {[%emt 0:00:49]} 17. Qb3 {[%emt 0:00:32]} Rc8 {[%emt 0:06:29]} 18. Ne3 {[%emt 0:04:47]} O-O {[%emt 0:01:40]} 19. Rfc1 {[%emt 0:01:37]} b6 {[%emt 0:02:05]} 20. Bh3 {[%emt 0:02:11]} Rcd8 {[%emt 0:00:17]} 21. Rxc3 {[%emt 0:01:36]} Bc5 {[%emt 0:00:17]} 22. Rac1 {[%emt 0:17:33]} Qe7 {[%emt 0:00:12]} 23. Bg2 {[%emt 0:00:20]} Qc7 {[%emt 0:00:08]} 24. Bh3 {[%emt 0:00:05]} Qe7 {[%emt 0:00:04]} 25. Bg2 {[%emt 0:00:04]} Qc7 {[%emt 0:00:04]} 26. Bh3 {[%emt 0:00:05]} Qe7 1/2-1/2

[Event "VII Famalicao Open 2019"]
[Site "Famalicao"]
[Date "2019.08.03"]
[Round "9.8"]
[White "Damaso, Rui"]
[Black "Tadevosyan, Aspet"]
[Result "1-0"]
[WhiteElo "2425"]
[BlackElo "2144"]
[Annotator "NA"]
[PlyCount "65"]
[EventDate "2019.07.28"]
[EventType "swiss"]
[EventCountry "POR"]
[SourceTitle "playchess.com"]
[Source "ChessBase"]
[SourceQuality "1"]
[TimeControl "5400+30"]

1. e4 {[%emt 0:06:45]} c5 {[%emt 0:00:00]} 2. Nc3 {[%emt 0:00:49]} d6 {[%emt 0:00:00]} 3. Nf3 {[%emt 0:01:03]} Nf6 {[%emt 0:00:41]} 4. d4 {[%emt 0:00:18]} cxd4 {[%emt 0:00:09]} 5. Nxd4 {[%emt 0:00:03]} a6 {[%emt 0:00:06]} 6. Be3 {[%emt 0:02:33]} e5 {[%emt 0:00:24]} 7. Nf3 {[%emt 0:00:19]} Qc7 {[%emt 0:01:19]} 8. a4 {[%emt 0:04:02]} Be7 {[%emt 0:02:46]} 9. a5 {[%emt 0:03:25]} O-O {[%emt 0:00:54]} 10. Bb6 {[%emt 0:05:06]} Qc6 {[%emt 0:03:58]} 11. Ra4 {[%emt 0:01:55]} Be6 {[%emt 0:05:32]} 12. Ng5 {[%emt 0:06:54]} Nbd7 {[%emt 0:00:38]} 13. Nxe6 {[%emt 0:12:55]} Nxb6 {[%emt 0:00:49]} 14. axb6 {[%emt 0:04:07]} fxe6 {[%emt 0:00:13]} 15. Bc4 {[%emt 0:00:48]} Qd7 {[%emt 0:19:58]} 16. Qd3 {[%emt 0:04:18]} Rfe8 {[%emt 0:34:37]} 17. Bb3 {[%emt 0:03:40]} Bf8 {[%emt 0:03:56]} 18. O-O {[%emt 0:14:04]} Qc6 {[%emt 0:07:28]} 19. Qh3 {[%emt 0:04:41]} Kf7 {[%emt 0:04:17]} 20. Qe3 {[%emt 0:00:27]} Kg8 {[%emt 0:00:52]} 21. Rc4 {[%emt 0:03:48]} Qd7 {[%emt 0:00:50]} 22. Ba4 {[%emt 0:01:52]} Qd8 {[%emt 0:00:09]} 23. Bxe8 {[%emt 0:00:09]} Qxe8 {[%emt 0:00:25]} 24. Rc7 {[%emt 0:01:54]} d5 {[%emt 0:00:37]} 25. exd5 {[%emt 0:00:24]} exd5 {[%emt 0:00:03]} 26. Qe2 {[%emt 0:00:39]} Rb8 {[%emt 0:00:42]} 27. Rd1 {[%emt 0:03:27]} Qe6 {[%emt 0:00:25]} 28. Qd3 {[%emt 0:01:02]} d4 {[%emt 0:02:46]} 29. Ne4 {[%emt 0:00:40]} Qxb6 {[%emt 0:00:23]} 30. Qc4+ {[%emt 0:02:39]} Kh8 {[%emt 0:00:09]} 31. Ng5 {[%emt 0:00:05]} h6 {[%emt 0:00:49]} 32. Nf7+ {[%emt 0:01:12]} Kh7 {[%emt 0:00:03]} 33. Nxe5 {[%emt 0:00:12]} 1-0

[Event "VII Famalicao Open 2019"]
[Site "Famalicao"]
[Date "2019.08.03"]
[Round "9.9"]
[White "Fernandes, Antonio"]
[Black "Pinheiro, Albano"]
[Result "1-0"]
[WhiteElo "2376"]
[BlackElo "1989"]
[Annotator "NA RC"]
[PlyCount "125"]
[EventDate "2019.07.28"]
[EventType "swiss"]
[EventCountry "POR"]
[SourceTitle "playchess.com"]
[Source "ChessBase"]
[SourceQuality "1"]
[TimeControl "5400+30"]

1. e4 {[%emt 0:02:00]} c5 {[%emt 0:04:26]} 2. Nf3 {[%emt 0:00:40]} Nc6 {[%emt 0:00:13]} 3. Bb5 {[%emt 0:00:22]} g6 {[%emt 0:00:05]} 4. O-O {[%emt 0:00:18]} Bg7 {[%emt 0:00:06]} 5. Re1 {[%emt 0:03:21]} e5 {[%emt 0:00:09]} 6. c3 {[%emt 0:02:50]} Nge7 {[%emt 0:00:40]} 7. d4 {[%emt 0:00:55]} cxd4 {[%emt 0:00:09]} 8. cxd4 {[%emt 0:00:01]} exd4 {[%emt 0:00:47]} 9. Bf4 {[%emt 0:06:44]} a6 {[%emt 0:04:37]} 10. Ba4 {[%emt 0:33:05]} b5 {[%emt 0:01:32]} 11. Bb3 {[%emt 0:01:23]} d6 {[%emt 0:00:22]} 12. Na3 {[%emt 0:00:38]} O-O {[%emt 0:00:51]} 13. h3 {[%emt 0:00:12]} d5 {[%emt 0:10:07]} 14. e5 {[%emt 0:01:11]} Be6 {[%emt 0:06:12]} 15. Nc2 {[%emt 0:02:31]} Rc8 {[%emt 0:02:19]} 16. Ncxd4 {[%emt 0:02:34]} Nxd4 {[%emt 0:00:32]} 17. Nxd4 {[%emt 0:00:03]} Nc6 {[%emt 0:01:51]} 18. Nxc6 {[%emt 0:03:16]} Rxc6 {[%emt 0:01:46]} 19. Qd2 {[%emt 0:00:07]} Qc7 {[%emt 0:08:17]} 20. Rac1 {[%emt 0:01:44]} Rd8 {[%emt 0:02:38]} 21. Bg5 {[%emt 0:05:15]} Rd7 {[%emt 0:01:16]} 22. Rxc6 {[%emt 0:22:04]} Qxc6 {[%emt 0:00:12]} 23. Qd4 {[%emt 0:00:11]} Qb7 {[%emt 0:07:20]} 24. Rc1 {[%emt 0:03:23]} Rc7 {[%emt 0:05:51]} 25. Rd1 {[%emt 0:00:07]} Rd7 {[%emt 0:00:16]} 26. Be3 {[%emt 0:00:26]} h5 {[%emt 0:01:22]} 27. f3 {[%emt 0:03:25]} Qb8 {[%emt 0:03:57]} 28. f4 {[%emt 0:00:05]} Qb7 {[%emt 0:00:56]} 29. Rd2 {[%emt 0:00:52]} Bf8 {[%emt 0:03:23]} 30. Bd1 {[%emt 0:00:51]} Rc7 {[%emt 0:01:14]} 31. Rc2 {[%emt 0:02:26]} Rxc2 32. Bxc2 {[%emt 0:00:02]} Qc6 {[%emt 0:02:34]} 33. Bd3 {[%emt 0:00:09]} Qc7 {[%emt 0:03:48]} 34. Kf2 {[%emt 0:00:41]} Be7 {[%emt 0:00:20]} 35. a3 {[%emt 0:00:30]} Kf8 {[%emt 0:02:55]} 36. Ke2 {[%emt 0:01:16]} Ke8 {[%emt 0:00:48]} 37. Kf3 {[%emt 0:00:58]} Kf8 {[%emt 0:00:37]} 38. Qb6 {[%emt 0:01:47]} Qxb6 {[%emt 0:00:28]} 39. Bxb6 {[%emt 0:00:01]} Ke8 {[%emt 0:00:37]} 40. g4 {[%emt 0:00:10]} hxg4+ {[%emt 0:00:38]} 41. hxg4 {[%emt 0:00:01]} Bd7 {[%emt 0:02:58]} 42. f5 {[%emt 0:00:08]} gxf5 {[%emt 0:00:15]} 43. gxf5 {[%emt 0:00:01]} f6 {[%emt 0:01:04]} 44. e6 {[%emt 0:01:18]} Bc6 {[%emt 0:00:26]} 45. Bd4 {[%emt 0:00:13]} Kd8 {[%emt 0:00:55]} 46. Bb1 {[%emt 0:02:12]} Ke8 {[%emt 0:00:41]} 47. b4 {[%emt 0:00:14]} Kf8 {[%emt 0:00:56]} 48. Ba2 {[%emt 0:00:46]} Kg7 {[%emt 0:00:35]} 49. Ke3 {[%emt 0:00:32]} Bd6 {[%emt 0:04:03]} 50. Kd3 {[%emt 0:00:07]} Be5 {[%emt 0:01:23]} 51. Bb3 {[%emt 0:00:03]} Bb7 {[%emt 0:01:44]} 52. Bd1 {[%emt 0:00:09]} Kf8 {[%emt 0:08:33]} 53. Bc5+ {[%emt 0:00:30]} Kg7 {[%emt 0:00:20]} 54. Bh5 {[%emt 0:00:42]} Bc8 {[%emt 0:01:01]} 55. Ke2 {[%emt 0:00:53]} Kh6 {[%emt 0:00:57]} 56. e7 {[%emt 0:00:05]} Bd7 {[%emt 0:00:05]} 57. e8=Q {[%emt 0:00:09]} Bxe8 {[%emt 0:00:07]} 58. Bxe8 {[%emt 0:00:10]} Kg5 {[%emt 0:00:12]} 59. Bc6 {[%emt 0:01:16]} Bb2 {[%emt 0:01:09]} 60. Bxd5 {[%emt 0:00:03]} Bxa3 {[%emt 0:00:16]} 61. Bb7 {[%emt 0:00:10]} a5 {[%emt 0:02:16]} 62. Be3+ {[%emt 0:00:02]} Kxf5 {[%emt 0:00:12]} 63. bxa5 {[%emt 0:00:02]} 1-0

[Event "VII Famalicao Open 2019"]
[Site "Famalicao"]
[Date "2019.08.03"]
[Round "9.10"]
[White "Santos, Jose Guilherme B Lim"]
[Black "Martins, Diogo Faria Oliveira"]
[Result "1-0"]
[WhiteElo "2155"]
[BlackElo "1984"]
[Annotator "NA"]
[PlyCount "133"]
[EventDate "2019.07.28"]
[EventType "swiss"]
[EventCountry "POR"]
[SourceTitle "playchess.com"]
[Source "ChessBase"]
[SourceQuality "1"]
[TimeControl "5400+30"]

1. e4 {[%emt 0:00:00]} c5 {[%emt 0:05:46]} 2. Nf3 {[%emt 0:00:00]} g6 {[%emt 0:00:26]} 3. c4 {[%emt 0:00:00]} Nc6 {[%emt 0:00:06]} 4. d4 {[%emt 0:00:01]} cxd4 {[%emt 0:00:03]} 5. Nxd4 {[%emt 0:00:06]} Nf6 {[%emt 0:00:03]} 6. Nc3 {[%emt 0:00:10]} Nxd4 {[%emt 0:00:04]} 7. Qxd4 {[%emt 0:00:04]} d6 {[%emt 0:00:04]} 8. Be3 {[%emt 0:01:56]} Bg7 {[%emt 0:00:05]} 9. f3 {[%emt 0:01:54]} O-O {[%emt 0:00:06]} 10. Qd2 {[%emt 0:00:01]} a5 {[%emt 0:00:20]} 11. Be2 {[%emt 0:00:05]} a4 {[%emt 0:00:03]} 12. O-O {[%emt 0:00:22]} Qa5 {[%emt 0:00:02]} 13. Rac1 {[%emt 0:14:48]} Be6 {[%emt 0:00:20]} 14. Nd5 {[%emt 0:16:08]} Qxd2 {[%emt 0:01:11]} 15. Nxe7+ {[%emt 0:06:03]} Kh8 {[%emt 0:00:05]} 16. Bxd2 {[%emt 0:00:02]} Rfe8 {[%emt 0:00:10]} 17. Nd5 {[%emt 0:00:26]} Nxd5 {[%emt 0:00:42]} 18. cxd5 {[%emt 0:01:24]} Bxd5 {[%emt 0:00:05]} 19. Bb5 {[%emt 0:07:57]} Re5 {[%emt 0:00:11]} 20. Bc3 {[%emt 0:07:41]} Bxa2 {[%emt 0:00:14]} 21. Bxe5 {[%emt 0:00:04]} Bxe5 {[%emt 0:00:07]} 22. Rc2 {[%emt 0:10:00]} Ra5 {[%emt 0:02:49]} 23. Be2 {[%emt 0:05:55]} b5 {[%emt 0:00:07]} 24. f4 {[%emt 0:07:20]} Bd4+ {[%emt 0:15:37]} 25. Kh1 {[%emt 0:00:07]} b4 {[%emt 0:00:15]} 26. Rd1 {[%emt 0:03:45]} Bc5 {[%emt 0:01:52]} 27. Bc4 {[%emt 0:00:57]} b3 {[%emt 0:18:21]} 28. Rc3 {[%emt 0:02:19]} Bb4 {[%emt 0:00:42]} 29. Rcd3 {[%emt 0:02:38]} f6 {[%emt 0:06:08]} 30. Rd5 {[%emt 0:06:24]} Rxd5 {[%emt 0:02:02]} 31. Bxd5 {[%emt 0:00:43]} Kg7 {[%emt 0:02:26]} 32. Rd4 {[%emt 0:02:36]} a3 {[%emt 0:00:51]} 33. bxa3 {[%emt 0:00:04]} Bxa3 {[%emt 0:00:48]} 34. Rd1 {[%emt 0:00:20]} Bb2 {[%emt 0:05:47]} 35. g3 {[%emt 0:00:51]} f5 {[%emt 0:00:36]} 36. exf5 {[%emt 0:00:41]} gxf5 {[%emt 0:00:02]} 37. Kg1 {[%emt 0:00:18]} Kf6 {[%emt 0:01:23]} 38. Kf2 {[%emt 0:00:20]} Ke7 {[%emt 0:00:14]} 39. Ke3 {[%emt 0:01:32]} Ba3 {[%emt 0:03:09]} 40. Rd3 {[%emt 0:00:56]} Bc5+ {[%emt 0:00:40]} 41. Ke2 {[%emt 0:00:39]} h6 {[%emt 0:03:04]} 42. Bxb3 {[%emt 0:00:53]} Bb1 {[%emt 0:00:09]} 43. Rd1 {[%emt 0:00:04]} Be4 {[%emt 0:00:11]} 44. Bc4 {[%emt 0:01:16]} Bc6 {[%emt 0:01:06]} 45. Bd5 {[%emt 0:00:50]} Bb5+ {[%emt 0:00:14]} 46. Kf3 {[%emt 0:00:12]} Kf6 {[%emt 0:00:55]} 47. Ra1 {[%emt 0:00:59]} Be8 {[%emt 0:02:19]} 48. h3 {[%emt 0:00:21]} h5 {[%emt 0:00:31]} 49. Ra8 {[%emt 0:00:40]} Bb5 {[%emt 0:02:46]} 50. Kg2 {[%emt 0:01:02]} Be3 {[%emt 0:00:43]} 51. Rh8 {[%emt 0:00:22]} Kg6 {[%emt 0:00:14]} 52. Bf3 {[%emt 0:00:33]} h4 {[%emt 0:00:43]} 53. Rxh4 {[%emt 0:00:22]} Bd4 {[%emt 0:00:20]} 54. Rh5 {[%emt 0:00:29]} Bc4 {[%emt 0:01:10]} 55. Rg5+ {[%emt 0:00:12]} Kf6 {[%emt 0:00:09]} 56. g4 {[%emt 0:00:20]} Be6 {[%emt 0:00:42]} 57. Be2 {[%emt 0:01:07]} Be3 {[%emt 0:00:38]} 58. Kf3 {[%emt 0:00:32]} Bc1 {[%emt 0:00:14]} 59. Bd3 {[%emt 0:00:09]} fxg4+ {[%emt 0:00:34]} 60. hxg4 {[%emt 0:00:06]} Bb3 {[%emt 0:00:15]} 61. Rb5 {[%emt 0:00:41]} Bd1+ {[%emt 0:00:10]} 62. Kg3 {[%emt 0:00:30]} Bd2 {[%emt 0:00:07]} 63. g5+ {[%emt 0:00:01]} Ke7 {[%emt 0:00:59]} 64. Rb1 {[%emt 0:00:14]} Bh5 {[%emt 0:00:19]} 65. g6 {[%emt 0:00:43]} Kf6 {[%emt 0:00:25]} 66. Rh1 {[%emt 0:00:10]} Bxg6 {[%emt 0:00:23]} 67. Rh6 {[%emt 0:00:03]} 1-0

[Event "VII Famalicao Open 2019"]
[Site "Famalicao"]
[Date "2019.08.03"]
[Round "9.11"]
[White "Rodrigues, Afonso"]
[Black "Ribeiro, Bruno"]
[Result "1-0"]
[WhiteElo "2134"]
[BlackElo "2102"]
[Annotator "NA"]
[PlyCount "54"]
[EventDate "2019.07.28"]
[EventType "swiss"]
[EventCountry "POR"]
[SourceTitle "playchess.com"]
[Source "ChessBase"]
[SourceQuality "1"]
[TimeControl "5400+30"]

1. d4 {[%emt 0:00:00]} d5 {[%emt 0:00:00]} 2. Bf4 {[%emt 0:00:00]} Nf6 {[%emt 0:00:00]} 3. e3 {[%emt 0:00:00]} c5 {[%emt 0:00:13]} 4. c3 {[%emt 0:00:00]} Nc6 {[%emt 0:00:11]} 5. Nd2 {[%emt 0:00:20]} e6 {[%emt 0:00:36]} 6. Ngf3 {[%emt 0:00:32]} cxd4 {[%emt 0:00:25]} 7. exd4 {[%emt 0:00:14]} Nh5 {[%emt 0:00:16]} 8. Bg5 {[%emt 0:05:10]} f6 {[%emt 0:00:05]} 9. Bh4 {[%emt 0:00:29]} Bd6 {[%emt 0:02:38]} 10. Bg3 {[%emt 0:19:04]} Nxg3 {[%emt 0:13:40]} 11. hxg3 {[%emt 0:00:03]} e5 {[%emt 0:00:12]} 12. dxe5 {[%emt 0:02:23]} fxe5 {[%emt 0:00:12]} 13. Nb3 {[%emt 0:02:01]} e4 {[%emt 0:38:53]} 14. Nfd4 {[%emt 0:01:55]} e3 {[%emt 0:01:26]} 15. f4 {[%emt 0:10:09]} Qf6 {[%emt 0:01:32]} 16. Bd3 {[%emt 0:02:54]} g6 {[%emt 0:03:16]} 17. Qf3 {[%emt 0:09:25]} O-O {[%emt 0:01:28]} 18. Qxd5+ {[%emt 0:05:20]} Kg7 {[%emt 0:00:10]} 19. O-O-O {[%emt 0:02:29]} Bg4 {[%emt 0:01:27]} 20. Be2 {[%emt 0:00:27]} Ne7 {[%emt 0:03:26]} 21. Qb5 {[%emt 0:06:38]} a6 {[%emt 0:00:51]} 22. Qd3 {[%emt 0:02:12]} Bd7 {[%emt 0:02:07]} 23. Nf3 {[%emt 0:01:36]} Nf5 {[%emt 0:01:29]} 24. Ng5 {[%emt 0:11:51]} Bb5 {[%emt 0:03:33]} 25. Rxh7+ {[%emt 0:00:08]} Kg8 {[%emt 0:00:05]} 26. Qd5+ {[%emt 0:00:41]} Rf7 {[%emt 0:00:14]} 27. Rxf7 {[%emt 0:01:24]} Nh6 1-0

[Event "VII Famalicao Open 2019"]
[Site "Famalicao"]
[Date "2019.08.03"]
[Round "9.12"]
[White "Dumont, Andre"]
[Black "Fidalgo, Daniel"]
[Result "0-1"]
[WhiteElo "1948"]
[BlackElo "2087"]
[Annotator "NA"]
[PlyCount "62"]
[EventDate "2019.07.28"]
[EventType "swiss"]
[EventCountry "POR"]
[SourceTitle "playchess.com"]
[Source "ChessBase"]
[SourceQuality "1"]
[TimeControl "5400+30"]

1. d4 {[%emt 0:00:00]} Nf6 {[%emt 0:00:49]} 2. Nf3 {[%emt 0:00:00]} g6 {[%emt 0:00:12]} 3. b3 {[%emt 0:00:00]} Bg7 {[%emt 0:00:36]} 4. Bb2 {[%emt 0:00:01]} c5 {[%emt 0:02:56]} 5. e3 {[%emt 0:00:35]} O-O {[%emt 0:00:23]} 6. Be2 {[%emt 0:00:03]} d5 {[%emt 0:00:53]} 7. O-O {[%emt 0:00:08]} cxd4 {[%emt 0:02:27]} 8. exd4 {[%emt 0:00:02]} Nc6 {[%emt 0:00:18]} 9. Nbd2 {[%emt 0:00:27]} Bf5 {[%emt 0:03:26]} 10. c4 {[%emt 0:00:49]} Rc8 {[%emt 0:05:16]} 11. c5 {[%emt 0:01:22]} Ne4 {[%emt 0:01:35]} 12. a3 {[%emt 0:00:31]} Nxc5 {[%emt 0:00:22]} 13. dxc5 {[%emt 0:01:26]} Bxb2 {[%emt 0:01:40]} 14. b4 {[%emt 0:00:07]} Bxa1 {[%emt 0:06:52]} 15. Qxa1 {[%emt 0:02:30]} Bg4 {[%emt 0:02:05]} 16. Re1 {[%emt 0:00:34]} e6 {[%emt 0:00:53]} 17. Bb5 {[%emt 0:00:23]} Bxf3 {[%emt 0:00:25]} 18. Bxc6 {[%emt 0:00:25]} Rxc6 {[%emt 0:05:11]} 19. Nxf3 {[%emt 0:02:21]} Rc8 {[%emt 0:00:15]} 20. Qd4 {[%emt 0:06:11]} Re8 {[%emt 0:02:20]} 21. Qg4 {[%emt 0:06:42]} Qf6 {[%emt 0:00:47]} 22. Ne5 {[%emt 0:00:43]} Qf5 {[%emt 0:03:11]} 23. Qd4 {[%emt 0:02:19]} f6 {[%emt 0:00:43]} 24. Nd7 {[%emt 0:01:40]} Kg7 {[%emt 0:00:58]} 25. g4 {[%emt 0:03:32]} e5 {[%emt 0:01:18]} 26. Qxd5 {[%emt 0:01:03]} Qxg4+ {[%emt 0:00:12]} 27. Kh1 {[%emt 0:00:14]} Rcd8 {[%emt 0:00:17]} 28. Nxf6 {[%emt 0:00:07]} Kxf6 {[%emt 0:00:28]} 29. Qxb7 {[%emt 0:00:09]} Qd7 {[%emt 0:01:08]} 30. Qf3+ {[%emt 0:01:06]} Kg7 {[%emt 0:00:06]} 31. Qc3 {[%emt 0:01:01]} Qd2 {[%emt 0:01:24]} 0-1